Missing Word: Subcategories in Every Category Quiz Stats

Quiz Updated Apr 5, 2018

Challenge
Share
Tweet
Embed
Score 0/15 Timer 02:00
0 Plays Today
Hint Missing Word % Correct
Tug of _____War
98.5%
Don't Judge a _____ By Its CoverBook
94.5%
_____ 'R' UsToys
93.9%
Three's _____Company
89.3%
Blue Is the Warmest _____Color
89%
What Does a Bird Say On _____? 'Trick or Tweet!'Halloween
88%
Jiminy _____Cricket
87.8%
_____ of GibraltarRock
74.7%
Hint Missing Word % Correct
_____ in Low PlacesFriends
74.6%
_____ Collie (Scottish Sheepdog)Border
74.1%
_____ New YearChinese
66.9%
Chief _____ John G. Roberts Jr.Justice
61.4%
Grand Theft Auto: Vice _____City
41.7%
_____ of Our FathersFlags
41.5%
Red _____ Bible EditionLetter
23.8%

Today's Daily Dose

You're not logged in!

Compare scores with friends on all Sporcle quizzes.
Sign Up with Email
OR
Log In

You Might Also Like...

Show Comments

Extras

Top Quizzes Today


Score Distribution

Your Account Isn't Verified!

In order to create a playlist on Sporcle, you need to verify the email address you used during registration. Go to your Sporcle Settings to finish the process.

Report this User

Report this user for behavior that violates our Community Guidelines.

Details: